| 000 | 00844nam a2200277 i 4500 | ||
|---|---|---|---|
| 001 | bg | ||
| 100 | 1 | _aTRZASKALIK, Tadeusz | |
| 245 | 1 | 0 |
_aModelowanie optymalizacyjne / _cTadeusz Trzaskalik. |
| 250 | _aWyd.3 uzup. | ||
| 260 |
_aŁódź : _bPrzedsiębiorstwo Specjalistyczne "Absolwent", _c2001. |
||
| 300 |
_a184, [1] s. : _bil. ; _c24 cm. |
||
| 490 | 1 | _aMetody Badań Operacyjnych | |
| 504 | _aBibliogr. | ||
| 650 | 9 |
_aBadania operacyjne _xmetody |
|
| 650 | 9 |
_aOptymalizacja _xmetody |
|
| 655 | _aPodręczniki akademickie | ||
| 830 | _aMetody Badań Operacyjnych | ||
| 020 | _a8388384287 | ||
| 040 | _cBPK | ||
| 041 | 0 | _apol | |
| 080 | _a519.863(075.8) | ||
| 920 | _a83-88384-28-7 | ||
| 942 | _cKS | ||
| 008 | s pl f |000 0 pol | ||
| 999 |
_c42692 _d42692 |
||
| 856 |
_uhttp://koha.tu.koszalin.pl/cgi-bin/koha/opac-detail.pl?biblionumber=42692 _yKatalog online BPK |
||